000 00287nam a22001337a 4500
008 180918b xxu||||| |||| 00| 0 eng d
020 _a9780881332049
041 _aeng
080 _a574
100 _a9
101 _aMJE
245 _aCultural Ecology
_cNetting.r.m
942 _2udc
_cBK
999 _c47939
_d47939